Introduction to Ophthalmoscopy (Record no. 727)

000 -LEADER
fixed length control field 00707nam a22002417a 4500
003 - CONTROL NUMBER IDENTIFIER
control field OSt
005 - DATE AND TIME OF LATEST TRANSACTION
control field 20210421083528.0
008 - FIXED-LENGTH DATA ELEMENTS--GENERAL INFORMATION
fixed length control field 201221s1985 ||||| |||| 00| 0 eng d
040 ## - CATALOGING SOURCE
Original cataloging agency eng
Language of cataloging eng
Transcribing agency DLC
041 ## - LANGUAGE CODE
Language code of text/sound track or separate title eng
080 ## - UNIVERSAL DECIMAL CLASSIFICATION NUMBER
Universal Decimal Classification number 617.7
Item number P-32
100 ## - MAIN ENTRY--PERSONAL NAME
9 (RLIN) 552
Personal name Paton, David
245 ## - TITLE STATEMENT
Title Introduction to Ophthalmoscopy
Remainder of title : A Scope Publication
Statement of responsibility, etc. / by: The Upjohn Company
250 ## - EDITION STATEMENT
Edition statement Reprint
260 ## - PUBLICATION, DISTRIBUTION, ETC.
Place of publication, distribution, etc. Kalamazoo, Michigan
Name of publisher, distributor, etc. The Upjohn Company
Date of publication, distribution, etc. 1985
300 ## - PHYSICAL DESCRIPTION
Extent 92 p.
Other physical details ill.
650 #0 - SUBJECT ADDED ENTRY--TOPICAL TERM
9 (RLIN) 251
Topical term or geographic name entry element Ophthalmology
653 ## - INDEX TERM--UNCONTROLLED
Uncontrolled term ოფთალმოლოგია
700 ## - ADDED ENTRY--PERSONAL NAME
9 (RLIN) 553
Personal name Hyman, N. Barry
700 ## - ADDED ENTRY--PERSONAL NAME
9 (RLIN) 554
Personal name Justice, Johnny Jr.
700 ## - ADDED ENTRY--PERSONAL NAME
9 (RLIN) 555
Personal name Thomas, A. Baird
Relator term Editor
942 ## - ADDED ENTRY ELEMENTS (KOHA)
Source of classification or shelving scheme
Koha item type Books
Holdings
Withdrawn status Lost status Source of classification or shelving scheme Damaged status Not for loan Permanent location Current location Date acquired Inventory number Total Checkouts Full call number Barcode Date last seen Price effective from Koha item type
          Ken Walker International University Ken Walker International University 12/21/2020 2205   617.7 P-32 2205 12/21/2020 12/21/2020 Books

Powered by Koha